00753 2200193 4500001002100000005001500021035002000036245005000056100002400106250001700130300002800147260003100175082001100206084001700217020002200234650001400256520026800270500002100538INLIS00000000000004820240320045346 a0010-03240000481 aHantu dan Rahasia Bubu /cRirin Astutiningrum0 aRirin Astutiningrum acetakan ke-1 a36 hlm :bilus ;c19 cm aSolo :bTiga Ananda,c2019 a398.24 a398.24 RIR h a978-623-206-028-9 4aBuku Anak aBubu Bunglon hidup rukun bersama Igu Iguana, Tobi Kadal, dan Toto Tokek di sebuah taman. Namun, ketenangan mereka terganggu karena adanya isu hantu. Mereka berusaha mencari tahu keberadaan hantu itu. Dapatkah mereka menemukannya? Apakah hantu itu benar-benar ada? aSeri Fabel Sains